• 首页
  • 本馆介绍
  • 公告通知
  • 最新文献
  • 馆藏检索
  • 电子资源
  • 读者导购
  • 参考咨询
  • 我的图书馆
  • 登录
  • 详细信息显示
  • 放入我的书架
  • 预约/预借图书
  • 作者相关作品
  • 分类相关作品
  • 丛书相关作品
  • 出版社相关作品

书目信息

  • 表格格式
  • 工作单格式
  • 卡片格式
题名:
中国1:1000000地貌制图规范
    
 
作者: ;中国科学院地理研究所 编
分册:  
出版信息: 北京   科学出版社  1987
页数: 72页
开本: 26cm
丛书名:
单 册:
中图分类: P285.1
科图分类:
主题词: 地貌图-制图--规范--中国 , 制图-地貌图--规范--中国 , 地图制图学
电子资源:
ISBN:
000 00867nam0 2200277 45
001 0187010384
005 20040520144657.0
010    @b精装@dCNY3.15
091    @a13031.3460
100    @a19900903d1987 emky0chiy0121 ea
101 0  @achi
102    @aCN@b110000
105    @abk l 000yy
106    @ar
200 10 @a中国1:1000000地貌制图规范@Azhong guo 1:1000000 di mao zhi tu gui fan@e试行@f中国科学院地理研究所编
210    @a北京@c科学出版社@d1987
215    @a72页@c表@d26cm
300    @a中国科学院科学基金资助课题 附: 中国地貌图图廓一幅
606    @a地貌图-制图@x规范@y中国
606    @a制图-地貌图@x规范@y中国
606    @a地图制图学
690    @aP285.1@v3
711 02 @a中国科学院地理研究所@Azhong guo ke xue yuan di li yan jiu suo@4编
801  0 @aCN@b深圳图书馆@c20040520
801  2 @aCN@bNLC@c20040520
905    @f2@b201279-280@dP285.1@e38
    
    中国1:1000000地貌制图规范:试行/中国科学院地理研究所编.-北京:科学出版社,1987
    72页:表;26cm
    中国科学院科学基金资助课题 附: 中国地貌图图廓一幅
    
    ISBN (精装):CNY3.15
    
●
相关链接 在E读中查询图书 在五车中查询图书 在当当中查询图书 在豆瓣中查询图书


正题名:中国1:1000000地貌制图规范     索取号:P285.1/38         预约/预借

序号 登录号 条形码 馆藏地/架位号 状态 备注
1 0201279   000625844   第三借阅区/ [索取号:P285.1/38] 在馆    
2 0201280   000625826   第三借阅区/ [索取号:P285.1/38] 在馆    
3 0201281   000625835   第二样本阅览室/ [索取号:P285.1/38] 在馆    
唐山师范学院图书馆 欢迎您!
大连网信软件有限公司© 版权所有